00000000nam 2200000zi 4500
0019.930550
003CaOODSP
00520250206084227
006m     o  d f      
007cr |n|||||||||
008231120e20100615quca    o    f|0| 0 fre d
040 |aCaOODSP|bfre|erda|cCaOODSP
043 |an-cn---
0861 |aEn4-614/2010F-PDF
24500|aCérémonie de remise des prix ministériels d'Environnement Canada, 2010.
264 1|aGatineau (Québec) : |bEnvironnement Canada, |cle 15 juin 2010.
264 4|c©2010
300 |a1 ressource en ligne (35 pages) : |billustrations
336 |atexte|btxt|2rdacontent/fre
337 |ainformatique|bc|2rdamedia/fre
338 |aressource en ligne|bcr|2rdacarrier/fre
500 |aÉdition numérisée de l’imprimé [par Environnement et changement climatique Canada].
500 |aPublié aussi en anglais sous le titre : Environment Canada's departmental awards ceremony, 2010.
500 |a« Présentée au Musée des beaux-arts du Canada Ottawa (Ontario). »
61016|aCanada. |bEnvironnement Canada|xPrix et récompenses.
650 6|aRemises de prix et récompenses|zCanada.
7101 |aCanada. |bEnvironnement Canada, |eorganisme de publication.
77508|tEnvironment Canada's departmental awards ceremony, 2010.|w(CaOODSP)9.936228
85640|qPDF|s14.10 Mo|uhttps://publications.gc.ca/collections/collection_2025/eccc/en4/En4-614-2010-fra.pdf